000 00707nam a2200205 i 4500
001 188507
003 ES-MaACL
005 20250819063113.0
008 181212s1962 sp |||| | spa d
080 _a86-293.8"19"
100 1 _aCruz, José Manuel de la
_9165744
245 1 3 _aEl tribunal de la historia : [de Poncio Pilato a la bomba atómica] /
_cJosé Manuel de la Cruz ; presentación de Manuel Riu.
260 _aBarcelona :
_bAymá,
_c1962.
300 _a198 p., [8] h. de lám. ;
_c19 cm.
490 1 _aVoz-imagen. Serie TV ;
_v2
700 1 _aRiu, Manuel.
_997501
830 1 _aVoz-imagen. Serie TV ;
_v2
_9225708
852 _aES-MaACL
_jP-131-bis-2
999 _c188507
_d188507